书目信息 |
| 题名: |
中国自然区划概要
|
|
| 作者: | ;全国农业区划委员会《中国自然区划概要》编写组 | |
| 分册: | ||
| 出版信息: | 北京 科学出版社 1984.05 |
|
| 页数: | 165页 | |
| 开本: | 26cm | |
| 丛书名: | ||
| 单 册: | ||
| 中图分类: | F323.1 | |
| 科图分类: | ||
| 主题词: | 农业经济--中国 | |
| 电子资源: | ||
| ISBN: | ||
| 000 | 00688nam0 2200205 45 | |
| 001 | 0309241508 | |
| 005 | 20031219104115.1 | |
| 010 | @dCNY1.75 | |
| 091 | @a13031.2579 | |
| 100 | @a20030924d1984 km y0chiy0120 ea | |
| 101 | 0 | @achi |
| 105 | @ak z 000yy | |
| 200 | 1 | @a中国自然区划概要@AZhong Guo Zi Ran Qu Hua Gai Yao@f全国农业区划委员会《中国自然区划概要》编写组@FQuan Guo Nong Ye Qu Hua Wei Yuan Hui《Zhong Guo Zi Ran Qu Hua Gai Yao》Bian Xie Zu |
| 210 | @a北京@c科学出版社@d1984.05 | |
| 215 | @a165页@d26cm | |
| 606 | 0 | @a农业经济@x中国 |
| 690 | @aF323.1@v3 | |
| 711 | 02 | @a全国农业区划委员会《中国自然区划概要》编写组 |
| 801 | @aCN@bTSTC@c20030924 | |
| 905 | @f1@b110903@dF323.1@e9 | |
| 中国自然区划概要/全国农业区划委员会《中国自然区划概要》编写组.-北京:科学出版社,1984.05 |
| 165页;26cm |
| ISBN :CNY1.75 |
| ● |
| 相关链接 |
|
|
|
|
正题名:中国自然区划概要
索取号:F323.1/9
 
预约/预借
| 序号 | 登录号 | 条形码 | 馆藏地/架位号 | 状态 | 备注 |
| 1 | 0110903 | 001846391 | 密集书库/ [索取号:F323.1/9] | 在馆 | |
| 2 | 0110904 | 000211942 | 第一借阅区/ [索取号:F323.1/9] | 在馆 | |
| 3 | 0110905 | 000211988 | 第一样本阅览室/ [索取号:F323.1/9] | 在馆 | |
| 4 | 7901215 | 279012159 | 密集书库-资源管理系/ [索取号:F323.1/9] | 在馆 | |
| 5 | 7901217 | 279012177 | 密集书库-资源管理系/ [索取号:F323.1/9] | 在馆 |